00680nam a22002297a 45000010005000000030009000050050017000140080041000310200015000720400038000870820016001251000022001412450082001632500012002452600044002573000039003015000020003405050039003606500013003997000019004127000019004316652BD-DhUAP20201122152141.0201122s1994 nyua|||| |||| 001 0 eng d a0471544086 aBD-DhUAPbEngcBD-DhUAPdBD-DhUAP 223a570 BRU aBrum, Gilbert D.  aBiology : bexploring life / cGilbert D. Brum, Larry McKane and Gerald Karp. a2nd ed. aNew York : bJ. Wiley & Sons, cc1994. avolumes :billustrations ;c28 cm. aIncludes index. aV. 2- From function of plant life. aBiology. aMcKane, Larry. aKarp, Gerald.